| 000 | 00429nam a2200157 a 4500 | ||
|---|---|---|---|
| 005 | 20140310183345.0 | ||
| 008 | 070130s19uu xx 00 eng d | ||
| 020 | _a999-153-108-4 | ||
| 050 |
_aPC 2640 _b.C384 1999 |
||
| 245 | _aCaxton French dictionary / | ||
| 260 |
_aGreat Britain : _bCaxton Publishing Group, _c1999. |
||
| 300 |
_a240 p. : _c18 cm. |
||
| 650 |
_aFrench _xDictionaries. |
||
| 942 |
_cBK _2lcc |
||
| 999 |
_c21915 _d21915 |
||